Психологическая устойчивость в чрезвычайных ситуациях: совершенствование компетенции инженеров в безопасности; Интеллектуальные энергосистемы; Т. 3
| Parent link: | Интеллектуальные энергосистемы: труды IV Международного молодёжного форума, 10-14 октября 2016 г., г. Томск/ Национальный исследовательский Томский политехнический университет (ТПУ), Энергетический институт (ЭНИН).— , 2016 Т. 3.— 2016.— С. 248-251 |
|---|---|
| Autor Principal: | |
| Outros autores: | |
| Summary: | Заглавие с титульного экрана Текстовый файл |
| Idioma: | ruso |
| Publicado: |
2016
|
| Series: | Методология формирования и оценки компетенций в подготовке инженеров в области Smart Systems |
| Subjects: | |
| Acceso en liña: | http://earchive.tpu.ru/handle/11683/36279 |
| Formato: | MixedMaterials Electrónico Capítulo de libro |
| KOHA link: | https://koha.lib.tpu.ru/cgi-bin/koha/opac-detail.pl?biblionumber=621736 |
MARC
| LEADER | 00000naa2a2200000 4500 | ||
|---|---|---|---|
| 001 | 621736 | ||
| 005 | 20260305161729.0 | ||
| 035 | |a (RuTPU)RU\TPU\conf\20352 | ||
| 035 | |a RU\TPU\conf\20319 | ||
| 090 | |a 621736 | ||
| 100 | |a 20170118d2016 k y0rusy50 ca | ||
| 101 | 0 | |a rus | |
| 102 | |a RU | ||
| 135 | |a drgn ---uucaa | ||
| 181 | 0 | |a i |b e | |
| 182 | 0 | |a b | |
| 183 | 0 | |a cr |2 RDAcarrier | |
| 200 | 1 | |a Психологическая устойчивость в чрезвычайных ситуациях: совершенствование компетенции инженеров в безопасности |f Т. А. Белькова |g науч. рук. Н. А. Алексеев | |
| 203 | |a Текст |c электронный |b визуальный | ||
| 225 | 1 | |a Методология формирования и оценки компетенций в подготовке инженеров в области Smart Systems | |
| 283 | |a online_resource |2 RDAcarrier | ||
| 300 | |a Заглавие с титульного экрана | ||
| 320 | |a Библиогр.: с. 251 (4 назв.) | ||
| 336 | |a Текстовый файл | ||
| 461 | 1 | |0 (RuTPU)RU\TPU\conf\20053 |t Интеллектуальные энергосистемы |o труды IV Международного молодёжного форума, 10-14 октября 2016 г., г. Томск |o в 3 т. |f Национальный исследовательский Томский политехнический университет (ТПУ), Энергетический институт (ЭНИН) |d 2016 | |
| 463 | 1 | |0 (RuTPU)RU\TPU\conf\20056 |t Т. 3 |v С. 248-251 |d 2016 | |
| 610 | 1 | |a труды учёных ТПУ | |
| 610 | 1 | |a электронный ресурс | |
| 610 | 1 | |a психологическая устойчивость | |
| 610 | 1 | |a чрезвычайные ситуации | |
| 610 | 1 | |a компетенции | |
| 610 | 1 | |a инженеры | |
| 610 | 1 | |a безопасность | |
| 610 | 1 | |a личностно-ориентированные подходы | |
| 700 | 1 | |a Белькова |b Т. А. |c специалист в области экологии и безопасности жизнедеятельности |c aссистент Томского политехнического университета |f 1991- |g Татьяна Анатольевна |9 23025 | |
| 702 | 1 | |a Алексеев |b Н. А. |c специалист в области экологии и безопасности жизнедеятельности |c доцент Томского политехнического университета |f 1956- |g Николай Архипович |4 727 |9 15830 | |
| 801 | 2 | |a RU |b 63413507 |c 20170124 |g RCR | |
| 856 | 4 | 0 | |u http://earchive.tpu.ru/handle/11683/36279 |z http://earchive.tpu.ru/handle/11683/36279 |
| 942 | |c CF | ||